[Event "Al Ain op 3rd"]
[Site "Al Ain"]
[Date "2014.12.25"]
[Round "8"]
[White "Alali, Ali"]
[Black "Al Ali, Hamad"]
[Result "1-0"]
[WhiteElo "1230"]
[BlackElo "1219"]
[PlyCount "119"]
[EventDate "2014.12.19"]
[EventType "swiss"]
[EventRounds "9"]
[EventCountry "UAE"]
[SourceTitle "CBM 164 Extra"]
[Source "ChessBase"]
[SourceDate "2015.03.02"]
[SourceVersion "1"]
[SourceVersionDate "2015.03.02"]
[SourceQuality "1"]

1. e4 e5 2. Nf3 Nc6 3. Nc3 Nf6 4. d4 exd4 5. Nxd4 Bb4 6. Nxc6 bxc6 7. Bd3 d5 8. exd5 Qe7+ 9. Qe2 Bxc3+ 10. bxc3 Qxe2+ 11. Kxe2 Nxd5 12. Kd2 0-0 13. Re1 Be6 14. Ba3 Rfe8 15. Rab1 Rab8 16. Bc5 Nb6 17. a3 h6 18. g3 a6 19. Bxa6 Rbd8+ 20. Kc1 Ba2 21. Rxe8+ Rxe8 22. Rb4 Bd5 23. Kd2 Rd8 24. Kc1 Ra8 25. Bxb6 Rxa6 26. Bc5 Kh7 27. Rb7 Ra8 28. Rxc7 Re8 29. Re7 Rd8 30. a4 Bc4 31. Bd4 Rc8 32. Bc5 Ra8 33. Ra7 Rxa7 34. Bxa7 Kg6 35. Kd2 h5 36. h4 Kf5 37. Ke3 Ke6 38. f4 g6 39. Ke4 f5+ 40. Kd4 Ba6 41. Kc5 Kd7 42. c4 Kc7 43. Bb6+ Kb7 44. a5 Kc8 45. Kxc6 Bxc4 46. Bc7 Bf1 47. Bd6 Bg2+ 48. Kb5 Kb7 49. a6+ Ka7 50. Bc5+ Kb8 51. Kb6 Bf3 52. Bd6+ Ka8 53. c4 Be2 54. c5 Bxa6 55. Kxa6 g5 56. Be7 g4 57. Kb6 Kb8 58. Bf6 Ka8 59. Kc6 Kb8 60. Kd7 1-0

[Event "Al Ain op 3rd"]
[Site "Al Ain"]
[Date "2014.12.22"]
[Round "5"]
[White "Al Ali, Hamad"]
[Black "Altaher, Khaled Tarek"]
[Result "1-0"]
[WhiteElo "1219"]
[BlackElo "1286"]
[PlyCount "105"]
[EventDate "2014.12.19"]
[EventType "swiss"]
[EventRounds "9"]
[EventCountry "UAE"]
[SourceTitle "CBM 164 Extra"]
[Source "ChessBase"]
[SourceDate "2015.03.02"]
[SourceVersion "1"]
[SourceVersionDate "2015.03.02"]
[SourceQuality "1"]

1. e4 e5 2. Nf3 Nc6 3. Nc3 Nf6 4. d4 exd4 5. Nxd4 Bc5 6. Nxc6 bxc6 7. Bd3 h6 8. 0-0 0-0 9. e5 Nd5 10. Nxd5 cxd5 11. Bf4 Qh4 12. Bg3 Qb4 13. b3 Bd4 14. Rb1 Qc3 15. Re1 Re8 16. Qf3 d6 17. Qxd5 Bd7 18. h3 dxe5 19. Qxd7 Bc5 20. Bc4 Rf8 21. Qxc7 Rac8 22. Qxe5 Qxc2 23. Rbc1 Qxa2 24. b4 Bxf2+ 25. Bxf2 Rxc4 26. Rxc4 Qxc4 27. b5 f6 28. Qb2 Rb8 29. Rb1 a6 30. b6 Rb7 31. Qb3 Qxb3 32. Rxb3 Kf7 33. Ra3 Ke8 34. Rxa6 Kd7 35. Ra7 Kc6 36. Rxb7 Kxb7 37. Kh2 g5 38. Kg3 f5 39. h4 Kb8 40. Kf3 Kb7 41. g4 fxg4+ 42. Kxg4 gxh4 43. Kxh4 Kc6 44. Kh5 Kb7 45. Kxh6 Ka6 46. Kg6 Kb7 47. Kf6 Ka8 48. Ke6 Kb7 49. Kd7 Kb8 50. Kc6 Kc8 51. b7+ Kb8 52. Bg3+ Ka7 53. b8Q+ 1-0

[Event "Al Ain op 3rd"]
[Site "Al Ain"]
[Date "2014.12.20"]
[Round "2"]
[White "Ahadzade, Kanan"]
[Black "Al Ali, Hamad"]
[Result "1-0"]
[WhiteElo "1909"]
[BlackElo "1219"]
[PlyCount "51"]
[EventDate "2014.12.19"]
[EventType "swiss"]
[EventRounds "9"]
[EventCountry "UAE"]
[SourceTitle "CBM 164 Extra"]
[Source "ChessBase"]
[SourceDate "2015.03.02"]
[SourceVersion "1"]
[SourceVersionDate "2015.03.02"]
[SourceQuality "1"]

1. e4 e5 2. Nc3 Nf6 3. g3 Bc5 4. Bg2 Nc6 5. Nge2 d6 6. 0-0 0-0 7. d3 Be6 8. h3 d5 9. exd5 Nxd5 10. Kh2 f5 11. f4 exf4 12. Nxf4 Nxf4 13. Bxf4 Bd6 14. Qe1 Re8 15. Qf2 Bxf4 16. Qxf4 Qd4 17. Qxc7 Re7 18. Qf4 Qd7 19. Rae1 Nd4 20. Nd5 Bxd5 21. Bxd5+ Ne6 22. Rxe6 Rxe6 23. Qxf5 Rae8 24. Re1 Kh8 25. Rxe6 Rxe6 26. Qxe6 1-0